000 00299nam a2200133Ia 4500
008 240624s9999 xx 000 0 und d
041 _aeng
082 _a823 BRO
100 _aBRUTON GARRY D
245 _aORIGIN
260 _c2017
_aLondon
_bBantam Press
300 _a461 p.; 24 cm.
365 _cRS
999 _c30221
_d30221